<?xml version="1.0" encoding="UTF-8"?><?xml-stylesheet type="text/xsl" href="static/style.xsl"?><OAI-PMH xmlns="http://www.openarchives.org/OAI/2.0/" xmlns:xsi="http://www.w3.org/2001/XMLSchema-instance" xsi:schemaLocation="http://www.openarchives.org/OAI/2.0/ http://www.openarchives.org/OAI/2.0/OAI-PMH.xsd"><responseDate>2026-05-17T22:02:40Z</responseDate><request verb="GetRecord" identifier="oai:recam.amb.cat:20.500.14439/4839" metadataPrefix="marc">https://recam.amb.cat/rest/oai/request</request><GetRecord><record><header><identifier>oai:recam.amb.cat:20.500.14439/4839</identifier><datestamp>2026-05-12T23:45:27Z</datestamp><setSpec>com_20.500.14439_2676</setSpec><setSpec>com_20.500.14439_126</setSpec><setSpec>col_20.500.14439_4833</setSpec></header><metadata><record xmlns="http://www.loc.gov/MARC21/slim" xmlns:dcterms="http://purl.org/dc/terms/" xmlns:xsi="http://www.w3.org/2001/XMLSchema-instance" xmlns:doc="http://www.lyncode.com/xoai" xsi:schemaLocation="http://www.loc.gov/MARC21/slim http://www.loc.gov/standards/marcxml/schema/MARC21slim.xsd">
   <leader>00925njm 22002777a 4500</leader>
   <datafield ind2=" " ind1=" " tag="042">
      <subfield code="a">dc</subfield>
   </datafield>
   <datafield ind2=" " ind1=" " tag="720">
      <subfield code="a">Maluquer-Margalef, Joan</subfield>
      <subfield code="e">author</subfield>
   </datafield>
   <datafield ind2=" " ind1=" " tag="720">
      <subfield code="a">García-Salmerón, Alejandro</subfield>
      <subfield code="e">author</subfield>
   </datafield>
   <datafield ind2=" " ind1=" " tag="720">
      <subfield code="a">Valera, Júlia</subfield>
      <subfield code="e">author</subfield>
   </datafield>
   <datafield ind2=" " ind1=" " tag="260">
      <subfield code="c">2025-01-01</subfield>
   </datafield>
   <datafield ind2=" " ind1=" " tag="520">
      <subfield code="a">En el decurs del 2024 s'ha efectuat, per novè any consecutiu, el seguiment mensual de la fauna amfíbia del pantà i bassa de cua de Vallvidrera, amb resultats superiors en quant a la riquesa d’espècies. Pel que fa a les basses complementàries, s’han censat dos cops l’’any un total de 12 basses. La diversitat o riquesa mitjana de les 11 basses passa de només 1,6 a 3,4; passant d’un total de 7 a 10 espècies. Les basses amb major diversitat d'amfibis són les Santa Creu d’Olorda i la de Can Planes, sota la custòdia de la SCH i amb un règim de gestió orientada a maximitzar-ne la biodiversitat, amb cinc/sis espècies. L'anàlisi de la correlació entre els paràmetres biològics i abiòtics (sobretot físics i morfològics), rellevants per determinar la presència de fauna aquàtica i amfíbia mitjançant l'índex ECELS, no ha donat pas una correlació clara amb la diversitat d'amfibis. Tot i així, sí que s’observa que les basses amb més espècies, tenen un ECELS alt.  En definitiva, quest any és la confirmació que les basses i els amfibis, quan plou, responen. Hem passat de tenir una mitjana de l’index de l’estat ecològic ECELS de 65,3 a 75,5 (amb quatre basses que superen els 90 punts). En quant als amfibis, s’ha passat de tenir 55 deteccions el 2023, al 2024 fer 123 deteccions. També s’han detectat espècies noves a unes quantes basses. Destaca la reproducció del gripau d’esperons ibèric a Can Planes.</subfield>
   </datafield>
   <datafield ind1="8" ind2=" " tag="024">
      <subfield code="a">García Salmerón, A., Maluquer-Margalef, J. i Valera, J. (2025).  Seguiment de la població amfíbia del Parc Natural de la Serra de Collserola. Informe  del 2024. Estudi finançat pel Consorci del Parc Natural de la Serra de Collserola.</subfield>
   </datafield>
   <datafield ind1="8" ind2=" " tag="024">
      <subfield code="a">https://hdl.handle.net/20.500.14439/4839</subfield>
   </datafield>
   <datafield tag="653" ind2=" " ind1=" ">
      <subfield code="a">Amfibis</subfield>
   </datafield>
   <datafield tag="653" ind2=" " ind1=" ">
      <subfield code="a">Fauna</subfield>
   </datafield>
   <datafield tag="653" ind2=" " ind1=" ">
      <subfield code="a">Aigua</subfield>
   </datafield>
   <datafield ind2="0" ind1="0" tag="245">
      <subfield code="a">Seguiment de la població amfíbia del Parc Natural de la Serra de Collserola: informe del 2024</subfield>
   </datafield>
</record></metadata></record></GetRecord></OAI-PMH>